000 01021nmm a2200313 a 4500
001 ocm0002147051
003 TR-IsHL
005 20201028183505.0
008 190409s2018 tu tur
007 cr cn
020 _a9786057533005
035 _a2147051
_b(N$T)
050 0 4 _aBP189.23
_b.KÜÇ
090 0 4 _aBP189.23
_b.KÜÇ
100 1 _aKüçük, Mehmet
245 1 0 _aNefes
_h[electronic resource] /
_cMehmet Küçük ; editör Çiğdem Aktepe
250 _a1. Baskı
260 _aİstanbul :
_bAhir Zaman Yayınları,
_c2018
300 _a199 p.
650 4 _aFelsefe, Psikoloji ve Din
650 4 _aPhilosophy, Psychology and Religion
650 0 _aPsychology and religion
650 0 _aPsikoloji ve din
650 0 _aİslam dini
_x Denemeler
650 0 _aIslam
_x Essays
650 7 _aRELIGION / Islam / Rituals & Practice
_2bisacsh
700 1 _aAktepe, Çiğdem
856 4 0 _uhttp://search.ebscohost.com/login.aspx?direct=true&scope=site&db=e011xww&AN=2147051
999 _c20564
_d20564